Statistiche per Capitali che iniziano con la R

Clicka qui per fare il quiz!

Statistiche generali

  • Questo quiz è stato fatto 36 volte
  • Il punteggio medio è 4 su 6

Statistiche sulle risposte

Popolazione (ab.)ContinenteCapitale% Corretto
2 871 807EuropaRoma
97%
696 681EuropaRiga
83%
2 504 750AfricaRabat
57%
7 676 654AsiaRiad
50%
127 220EuropaReykjavik
43%
14 725America del NordRoseau
40%

Distribuzione punteggi

Percentile per numero di risposta

Percentuale di utenti per punteggio

I tuoi punteggi nel tempo

Non hai fatto questo quiz